Cours d'Économie Politique

Збережено в:
Бібліографічні деталі
Автор: Rossi, M. P (Автор)
Формат: Книга
Мова:Французька
Опубліковано: París G. Thorel et Joubert 1843
Редагування:2a. ed
Предмети:
Онлайн доступ:portada
Теги: Додати тег
Немає тегів, Будьте першим, хто поставить тег для цього запису!

MARC

LEADER 00000cam a2200000 a 4500
001 UCJ7423
003 CL-VaPUC
008 070124e18430000FR |||||||||||||||||fre|d
082 0 4 |a 331  |b ROS  |2 21 
100 0 |a Rossi, M. P  |e author  |9 515808 
245 1 0 |a Cours d'Économie Politique 
250 |a 2a. ed 
300 |a 2 t 
942 |c BK 
945 |d 20070124 00:00:00  |a rinostro 
260 |a París  |b G. Thorel et Joubert  |c 1843 
500 |a En biblioteca sólo v. 1 
650 0 |a Economía política  |9 255814 
650 0 |a Riqueza  |9 256853 
856 7 |f UCJ7423_01.jpg  |u http://opac.pucv.cl/pucv_img/Img-7000/UCJ7423_01.jpg  |q JEPG  |2 file  |z portada 
583 |a last modification  |c 20130110 02:49:38  |k Rodrigo Vera 
999 |c 323508  |d 323506 
952 |0 0  |1 0  |4 0  |6 331_000000000000000_ROS_1843  |7 0  |8 X  |9 403180  |a FDOBUD  |b FDOBUD  |d 2019-11-22  |h t.1  |i 1063596  |o 331 ROS 1843  |p 1063596  |r 2019-11-22  |w 2019-11-22  |y BK_X  |k BUD 
952 |0 0  |1 0  |4 0  |6 331_000000000000000_ROS_1843  |7 0  |8 X  |9 403181  |a FDOBUD  |b FDOBUD  |d 2019-11-22  |h t.1  |i 4920333  |o 331 ROS 1843  |p 4920333  |r 2019-11-22  |w 2019-11-22  |y BK_X  |k BUD